Normal view MARC view

Entry Personal Name

Number of records used in: 1

001 - CONTROL NUMBER

  • control field: 1212245

003 - CONTROL NUMBER IDENTIFIER

  • control field: OSt

005 - DATE AND TIME OF LATEST TRANSACTION

  • control field: 20260324142524.0

008 - FIXED-LENGTH DATA ELEMENTS

  • fixed length control field: 260324|| aca||aabn | a|a d

040 ## - CATALOGING SOURCE

  • Original cataloging agency: OSt
  • Transcribing agency: OSt

100 ## - HEADING--PERSONAL NAME

  • Personal name: Michael C. Mozer; David S. Touretzky; Jeffrey L. Elman; Andreas S. Weigend; Paul Smolensky

670 ## - SOURCE DATA FOUND

  • Source citation: Work cat.: (OSt)1816546: Michael C. Mozer; David S. Touretzky; Jeffrey L. Elman; Andreas S. Weigend; Paul Smolensky, Proceedings of the 1993 Connectionist Models Summer School
Copyright @ Delhi University Library System